Normal view MARC view
  • Cohen, Matt,

Entry Nombre Personal

Number of records used in: 1

001 - NUMERO DE CONTROL

  • campo de control: 43443

003 - IDENTIFICADOR DE NUMERO DE CONTROL

  • campo de control: UPN

005 - FECHA Y HORA DE LA ÜLTIMA TRANSACCIÓN

  • campo de control: 20211012124552.0

008 - DATOS DE LONGITUD FIJA

  • campo de control de longitud fija: 211012|g aca||aaan | aaa d

040 ## - FUENTE DE CATALOGACIÓN

  • Agencia original de catalogación: UPN

053 #4 - NÚMERO DE CLASIFICACIÓN LC

  • Número de clasificación elemento-número único o número inicial de tramo: PR9199.3 C6.4

100 1# - ENCABEZAMIENTO - NOMBRE PERSONAL

  • Nombre personal: Cohen, Matt,
  • Fechas asociadas con el nombre: 1942-1999

400 1# - VEÁSE - NOMBRE DE PERSONA

  • Personal name: Cohen, Matthew,
  • Dates associated with a name: 1942-1999

500 1# - MENCIÓN DE REFERENCIA “VÉASE ADEMÁS”- NOMBRE DE PERSONA

  • Personal name: Jam, Teddy,
  • Dates associated with a name: 1942-1999

670 ## - FUENTE EN LA QUE SE LOCALIZARON DATOS

  • Cita de la fuente: LC
  • Información localizada: (Escritor canadiense que publicó literatura convencional con su propio nombre y literatura infantil con el seudónimo de Teddy Jam)

902 ## - CATALOGADOR

  • Catalogador: CAA/121021